| 000 | 00744nam a2200169 a 4500 | ||
|---|---|---|---|
| 008 | 090715s2007 ||||||||||||||||| || u | ||
| 050 | _aUNO(02) | ||
| 110 | _aUnited Nations Economic and Social Affairs (UNESA) | ||
| 245 | 1 | 0 | _aBest practices and recommendations for improving the effectiveness of United Nations sanctions: based on the report of the Security Council...(2006) |
| 260 |
_aNew York: _bUNITED NATIONS _c2007 |
||
| 300 | _avi, 22p. | ||
| 350 | _a0.00 | ||
| 500 | _aUN(02)2007/11 | ||
| 650 | _aUNITED NATIONS--SANCTIONS | ||
| 650 | _aSANCTIONS (INTERNATIONAL LAW) | ||
| 995 |
_D0.00 _FCBU-MAIN LIBRARY (Kitwe) _H1 _I0.00 _M1 _UAVAILABLE _WSep 4, 2009 _ZInternational Publications |
||
| 999 |
_c35755 _d35755 |
||